Music Quiz

Random Music Quiz

My Chemical Romance Songs By Initials 2 Quiz Stats

 Plays Quiz not verified by Sporcle

Challenge
Share
Tweet
Embed
Score 0/24 Timer 05:00
0 Plays Today
Hint Answer % Correct
YKWTDTGLUIPYou Know What They Do To Guys Like Us In Prison
77.7%
CCancer
73.7%
VMVampire Money
70.7%
MMama
70.2%
INO (IP)I'm Not Okay (I Promise)
66.7%
TTeenagers
60%
TEThe End.
58.8%
DLDrowning Lessons
50.9%
CDCemetery Drive
50.8%
FYDFake Your Death
45.6%
TJLIGKYThe Jetset Life Is Gonna Kill You
43.8%
HEHHang 'em High
37.1%
Hint Answer % Correct
GEHKGive 'em Hell, Kid
36.4%
TOHFMIYThe Only Hope For Me Is You
35.6%
TIHIDThis is How I Disappear
35.5%
ESOMEarly Sunsets Over Monroeville
35.4%
KTRKiss the Ring
29.9%
TKFYThe Kids From Yesterday
29%
TWIUThe World Is Ugly
28.6%
TITBDEThis Is The Best Day Ever
26.9%
STNSurrender the Night
25.1%
BBBurn Bright
24.5%
HHUHeaven Help Us
24%
INTYWIDFALI Never Told You What I Do For A Living, I never told you
11.7%

You're not logged in!

Compare scores with friends on all Sporcle quizzes.
OR
Log In

You Might Also Like...

Show Comments

Extras

Top Quizzes Today


Score Distribution

Your Account Isn't Verified!

In order to create a playlist on Sporcle, you need to verify the email address you used during registration. Go to your Sporcle Settings to finish the process.

Report this User

Report this user for behavior that violates our Community Guidelines.

Details: